Surveying 2012 (Record no. 112776)
[ view plain ]
| 000 -LEADER | |
|---|---|
| fixed length control field | 01115cad a22002535a 4500 |
| 001 - CONTROL NUMBER | |
| control field | E153943 |
| 008 - FIXED-LENGTH DATA ELEMENTS--GENERAL INFORMATION | |
| fixed length control field | 110926s2011 xxk af 000 0 eng d |
| 035 ## - SYSTEM CONTROL NUMBER | |
| System control number | (Sirsi) u153943 |
| 041 0# - LANGUAGE CODE | |
| Language code of text/sound track or separate title | eng |
| 050 04 - LIBRARY OF CONGRESS CALL NUMBER | |
| Classification number | 650.14 $2 20 |
| 110 2# - MAIN ENTRY--CORPORATE NAME | |
| Corporate name or jurisdiction name as entry element | Royal Institution of Chartered Surveyors |
| 9 (RLIN) | 4900 |
| 245 00 - TITLE STATEMENT | |
| Title | Surveying 2012 |
| Remainder of title | your career in land, property and construction |
| Medium | [electronic resource] |
| 260 ## - PUBLICATION, DISTRIBUTION, ETC. | |
| Place of publication, distribution, etc. | London |
| Name of publisher, distributor, etc. | Sunday |
| Date of publication, distribution, etc. | [2011] |
| 300 ## - PHYSICAL DESCRIPTION | |
| Extent | 42 p. |
| Other physical details | col. ill. |
| Dimensions | 22 x 22 cm. |
| 505 2# - FORMATTED CONTENTS NOTE | |
| Formatted contents note | What is surveying? -- Why I'm a surveyor -- Benefits of RICS -- Routes to RICS -- Chartered Surveyors Training Trust -- 17 ways to survey -- Case studies -- A surveyor's social life -- Interview -- Directory |
| 520 ## - SUMMARY, ETC. | |
| Summary, etc. | Annual careers guide from the Royal Institution of Chartered Surveyors. |
| 590 ## - LOCAL NOTE (RLIN) | |
| Local note | KA |
| 651 #4 - SUBJECT ADDED ENTRY--GEOGRAPHIC NAME | |
| Geographic name | United Kingdom |
| Chronological subdivision | |
| 690 ## - LOCAL SUBJECT ADDED ENTRY--TOPICAL TERM (OCLC, RLIN) | |
| Topical term or geographic name as entry element | CAREERS, EDUCATION AND TRAINING-CAREERS IN SURVEYING |
| 700 1# - ADDED ENTRY--PERSONAL NAME | |
| Personal name | Tooth, Ed |
| Relator term | Editor |
| 700 1# - ADDED ENTRY--PERSONAL NAME | |
| Personal name | Lindon, Joanna |
| Relator term | Editor |
| 856 40 - ELECTRONIC LOCATION AND ACCESS | |
| Uniform Resource Identifier | <a href="https://www.rics.org/site/download_feed.aspx?fileID=10568&fileExtension=PDF">https://www.rics.org/site/download_feed.aspx?fileID=10568&fileExtension=PDF</a> |
| Public note | View online for free at www.rics.org |
| 942 ## - ADDED ENTRY ELEMENTS (KOHA) | |
| Suppress in OPAC | 0 |
| Withdrawn status | Lost status | Source of classification or shelving scheme | Damaged status | Not for loan | Home library | Current library | Shelving location | Date acquired | Total Checkouts | Full call number | Barcode | Date last seen | Copy number | Price effective from | Koha item type |
|---|---|---|---|---|---|---|---|---|---|---|---|---|---|---|---|
| Dewey Decimal Classification | London | London | Books | 27/09/2013 | RICS 2012/28 | 30076675 | 06/08/2019 | 1 | 06/08/2019 | Book |